Sports Quiz

Random Sports or City Quiz

First Big 4 Team by City Quiz Stats

 Plays Quiz Updated May 16, 2018

Challenge
Share
Tweet
Embed
Score 0/32 Timer 03:00
5 Plays Today
City Team % Correct
CincinnatiReds (1882)
97.9%
ChicagoCubs (1876)
96.1%
BostonRed Sox (1901)
94.9%
New YorkYankees (1903)
94.6%
PittsburghPirates (1882)
93.1%
St. LouisCardinals (1882)
92.7%
ClevelandIndians (1901)
92.4%
DetroitTigers (1901)
91.6%
PhiladelphiaPhillies (1883)
89.9%
BuffaloBills (1960)
89.1%
DallasCowboys (1960)
88.5%
OaklandAthletics (1968)
87.7%
DenverBroncos (1960)
86.7%
BaltimoreOrioles (1954)
85.2%
AtlantaBraves and Falcons (1966)
84.4%
San Francisco49ers (1946)
84.3%
City Team % Correct
MinneapolisVikings and Twins (1961)
83.8%
Los AngelesDodgers (1958)
83.2%
WashingtonRedskins (1937)
82.5%
TorontoMaple Leafs (1917)
82.4%
AnaheimAngels (1966)
81.5%
Kansas CityChiefs (1963)
81.2%
HoustonAstros (1962)
80.8%
MiamiDolphins (1966)
80.7%
New OrleansSaints (1967)
76.7%
PhoenixSuns (1968)
68.9%
MilwaukeeBucks (1968)
68.4%
IndianapolisPacers (1967)
68.2%
SeattleSeahawks (1976)
64.3%
TampaBuccaneers (1976)
63.5%
NashvilleOilers and Predators (1998)
56.2%
CharlottePanthers (1996)
47.8%

You're not logged in!

Compare scores with friends on all Sporcle quizzes.
OR
Log In

You Might Also Like...

Show Comments

Extras

Top Quizzes Today


Score Distribution

Your Account Isn't Verified!

In order to create a playlist on Sporcle, you need to verify the email address you used during registration. Go to your Sporcle Settings to finish the process.

Report this User

Report this user for behavior that violates our Community Guidelines.

Details: